| 000 | 00637nam a22002051 4500 | ||
|---|---|---|---|
| 001 | 134553 | ||
| 003 | ES-MaACL | ||
| 005 | 20230906194710.0 | ||
| 007 | t| | ||
| 008 | 070911s1915 xxk ||||0| spa d | ||
| 016 | 7 | _zIND2000944486 | |
| 040 |
_aM-BN _bspa _cCDM |
||
| 100 | 1 |
_aWhitridge, Frederick W. _9116714 |
|
| 245 | 1 | 0 |
_aOpiniones de un norteamericano sobre la guerra europea _b: una respuesta a las alegaciones de Alemania. |
| 260 |
_aLondres : _bHarrison & Sons, _c1915. |
||
| 300 |
_a24 p. ; _c24 cm. |
||
| 500 | _aLa cub. sirve de port. | ||
| 650 | 0 | 4 |
_aGuerra mundial, 1914-1918. _913212 |
| 852 |
_aES-MaACL _jT-1447-F-3 |
||
| 999 |
_c134553 _d134553 |
||